000 00652nam a2200205Ia 4500
003 GCL
005 20240530110146.0
008 140319s9999 xx 000 0 ara d
040 _aGCL /
_cGCL
082 0 4 _aق
_b215.96216
_bا م
100 1 _aمحمد كمال السيد محمد
245 1 0 _aالازهر جامعا وجامعة او مصر فى الف عام /
_cمحمد كمال السيد محمد
260 _a[S.N] :
_bدار الكتب المصرية ،
_c1986
300 _a399 ص
650 0 4 _aمصر
650 0 4 _aتاريخ
650 0 4 _aالتاريخ الاسلامى
650 0 4 _aالازهر (جامع)
942 _2ddc
_cBK
999 _c59035
_d59035